[Event "Commonwealth & South African Open 2011"]
[Site "Emperors Casino and Conference"]
[Date "2011.06.24"]
[Round "4.27"]
[White "Barrish, Daniel"]
[Black "Bhawoodien, Shabir"]
[Result "1/2-1/2"]
[WhiteElo "1678"]
[BlackElo "2115"]
[PlyCount "94"]
[EventDate "2011.06.24"]

1. d4 b5 2. Nf3 Bb7 3. e3 a6 4. Nbd2 e6 5. Bd3 c5 6. b3 Nc6 7. O-O Nf6 8. c3 d5
9. Re1 cxd4 10. exd4 Be7 11. Ne5 Rc8 12. Nxc6 Bxc6 13. Bb2 O-O 14. Rc1 Qa5 15.
Qc2 Bd6 16. h3 Bb8 17. Nf3 Qc7 18. Ne5 Bb7 19. Qe2 Ne4 20. c4 Qd6 21. cxb5 Rxc1
22. Rxc1 axb5 23. Bxe4 dxe4 24. Qxb5 f6 25. Qxb7 fxe5 26. Qc6 Qe7 27. Qxe4 exd4
28. Bxd4 Qd6 29. g3 Re8 30. Re1 Qb4 31. Be5 Qb6 32. Bxb8 Qxb8 33. Qe3 h5 34.
Qe5 Qb4 35. Qe4 Qe7 36. a4 h4 37. Qe3 Qb4 38. Kg2 hxg3 39. fxg3 Qb7+ 40. Qf3
Qd7 41. Rf1 e5 42. Rf2 e4 43. Qe3 Qd1 44. a5 Qd6 45. Ra2 Qa6 46. Qe2 Qa8 47. a6
{draw move 67 notation unclear} Rf8 1/2-1/2

[Event "Commonwealth & South African Open 2011"]
[Site "Emperors Casino and Conference"]
[Date "2011.06.24"]
[Round "4.28"]
[White "Bornheim, Craig"]
[Black "Stevens, Tristan"]
[Result "1-0"]
[WhiteElo "1806"]
[BlackElo "2087"]
[PlyCount "93"]
[EventDate "2011.06.24"]

1. d4 Nf6 2. Nf3 c5 3. c4 cxd4 4. Nxd4 e5 5. Nc2 d5 6. cxd5 Nxd5 7. e4 Nf6 8.
Qxd8+ Kxd8 9. Nc3 Be6 10. Bg5 Nbd7 11. Rd1 Rc8 12. Bd3 Bc5 13. O-O h6 14. Be3
Ke7 15. Rd2 Rhd8 16. Rfd1 Bxe3 17. Nxe3 Nc5 18. f3 Rd4 19. Nb5 Rd7 20. Bf1 Rcd8
21. Rxd7+ Rxd7 22. Rxd7+ Nfxd7 23. b4 Na4 24. Nxa7 Bxa2 25. Nf5+ Kf6 26. Nd6
Ndb6 27. Nxb7 Bc4 28. Nc5 Nb2 29. Nc6 h5 30. Bxc4 N6xc4 31. Kf2 g5 32. b5 g4
33. Nd7+ Ke6 34. b6 Nd3+ 35. Kg3 Nd6 36. Nf8+ Kf6 37. Nd7+ Kg5 38. h4+ gxh3 39.
Kxh3 Kf4 40. Nd8 f5 41. Ne6+ Ke3 42. exf5 Nf2+ 43. Kh2 e4 44. fxe4 Kxe4 45. f6
Ng4+ 46. Kh3 Nh6 47. Nec5+ 1-0

[Event "Commonwealth & South African Open 2011"]
[Site "Emperors Casino and Conference"]
[Date "2011.06.24"]
[Round "4.29"]
[White "Ivana Maria, Furtado"]
[Black "Makhushini, Moses J"]
[Result "1-0"]
[WhiteElo "1999"]
[BlackElo "1731"]
[PlyCount "61"]
[EventDate "2011.06.24"]

1. d4 d5 2. Nf3 Nf6 3. c4 c6 4. Nc3 dxc4 5. a4 Bf5 6. e3 e6 7. Bxc4 Bb4 8. O-O
Nbd7 9. Qb3 a5 10. Na2 Be7 11. Nh4 Bg4 12. f3 Bh5 13. g4 Bg6 14. Nxg6 hxg6 15.
g5 Qc7 16. f4 Ne4 17. Qc2 Nd6 18. Bd3 Nf5 19. d5 exd5 20. Bxf5 gxf5 21. Qxf5
O-O-O 22. Bd2 Rh5 23. Qxf7 Rdh8 24. Qxe7 Rxh2 25. Bc3 Qb6 26. Bxg7 Rh1+ 27. Kf2
R1h2+ 28. Kg3 R2h3+ 29. Kg4 Rxe3 30. Qd6 Rhh3 31. Rg1 {white wins on move 44
notation unclear} 1-0

[Event "Commonwealth & South African Open 2011"]
[Site "Emperors Casino and Conference"]
[Date "2011.06.24"]
[Round "4.30"]
[White "Windvogel, Lance J"]
[Black "Mathe, Lehlogonolo D"]
[Result "1/2-1/2"]
[WhiteElo "1733"]
[BlackElo "2222"]
[PlyCount "66"]
[EventDate "2011.06.24"]

1. e4 c5 2. Nf3 e6 3. Nc3 a6 4. Be2 d6 5. O-O Nf6 6. d4 cxd4 7. Nxd4 Be7 8. Kh1
O-O 9. f4 Qc7 10. f5 e5 11. Nb3 b5 12. g4 Bb7 13. Bf3 b4 14. Nd5 Nxd5 15. exd5
Re8 16. g5 Nd7 17. Be4 f6 18. Rg1 fxg5 19. Bxg5 Bxg5 20. Rxg5 Nf6 21. Qf3 Rac8
22. Rag1 Re7 23. h4 Nxe4 24. Qxe4 Qxc2 25. Qxc2 Rxc2 26. Rd1 Rf7 27. Na5 Bc8
28. Nc6 Rxb2 29. f6 Kf8 30. fxg7+ Rxg7 31. Rf1+ Rf7 32. Rfg1 Ke8 33. Rg8+ Kd7
1/2-1/2

[Event "Commonwealth & South African Open 2011"]
[Site "Emperors Casino and Conference"]
[Date "2011.06.24"]
[Round "4.41"]
[White "Naidoo, Kalyavan"]
[Black "Hoek, Cornelis"]
[Result "1-0"]
[WhiteElo "1697"]
[BlackElo "2037"]
[PlyCount "125"]
[EventDate "2011.06.24"]

1. e4 c5 2. Nf3 g6 3. c3 Bg7 4. d4 cxd4 5. cxd4 d5 6. e5 f6 7. Nc3 Nc6 8. Bb5
Bg4 9. Bf4 fxe5 10. Bxe5 Bxe5 11. dxe5 e6 12. Qa4 Bxf3 13. Bxc6+ bxc6 14. Qxc6+
Kf7 15. gxf3 Ne7 16. Qa4 Nf5 17. O-O-O Qc7 18. Kb1 Rhb8 19. Rc1 Qb7 20. b3 a5
21. Ne2 Ra6 22. Rc5 Rc8 23. Rhc1 Rxc5 24. Rxc5 Qa7 25. Rc8 Kg7 26. Qe8 Kh6 27.
Qf8+ Qg7 28. Qxg7+ Kxg7 29. Kc2 Ra7 30. Kd3 Ne7 31. Rc5 Kf7 32. Nd4 g5 33. Nc6
Nxc6 34. Rxc6 h5 35. Kd4 Rb7 36. Kc5 Rb4 37. Kd6 Rb7 38. Rc3 Rb6+ 39. Kc5 Rb8
40. a3 Rc8+ 41. Kd4 Rxc3 42. Kxc3 Ke7 43. Kd4 Kd7 44. Kc5 a4 45. b4 Kc7 46. Kb5
Kb7 47. Kxa4 Kb6 48. Kb3 Kb5 49. Kc3 Ka4 50. Kd4 Kb5 51. Kd3 Ka4 52. Kc3 Kb5
53. Kd4 Kb6 54. a4 Kc6 55. Kc3 Kb6 56. Kd3 Kc6 57. Ke3 h4 58. f4 g4 59. Kd4 h3
60. a5 Kb7 61. b5 Ka7 62. f5 exf5 63. e6 1-0

[Event "Commonwealth & South African Open 2011"]
[Site "Emperors Casino and Conference"]
[Date "2011.06.24"]
[Round "4.42"]
[White "Breytenbach, Jan"]
[Black "Sithole, Mbongeni C"]
[Result "1-0"]
[WhiteElo "2036"]
[BlackElo "1696"]
[PlyCount "103"]
[EventDate "2011.06.24"]

1. c4 f5 2. Nc3 e5 3. b3 Nf6 4. Bb2 Nc6 5. e3 Be7 6. Nd5 O-O 7. Nxe7+ Qxe7 8.
Be2 d6 9. Nf3 e4 10. Nd4 Ne5 11. O-O Nfd7 12. f4 Ng6 13. g4 fxg4 14. Bxg4 Nc5
15. Bxc8 Raxc8 16. Qg4 Nd3 17. Bc3 Qf7 18. Ne6 Qd7 19. Bxg7 Rce8 20. f5 Rxf5
21. Qxf5 Qxe6 22. Bh6 Qxf5 23. Rxf5 Nde5 24. Raf1 Nf3+ 25. R1xf3 exf3 26. Rxf3
Re5 27. d4 Rh5 28. Bf4 Kg7 29. Bg3 Nh8 30. e4 Nf7 31. Kg2 Kf8 32. e5 Ke7 33.
exd6+ cxd6 34. Kf2 Ng5 35. Re3+ Kd7 36. d5 Nf7 37. Kf3 Rf5+ 38. Kg4 Rf1 39. Rf3
Nh6+ 40. Kf4 Rxf3+ 41. Kxf3 a5 42. Kf4 Nf7 43. Kf5 Ke7 44. Bf4 h5 45. h4 Kd7
46. Kg6 Ke7 47. Kxh5 Kf6 48. Kg4 Kg6 49. h5+ Kf6 50. a4 b6 51. Bg3 Nh6+ 52. Kf4
1-0

[Event "Commonwealth & South African Open 2011"]
[Site "Emperors Casino and Conference"]
[Date "2011.06.24"]
[Round "4.43"]
[White "Mpya, Tshediso M"]
[Black "Takawira, Erick"]
[Result "0-1"]
[WhiteElo "1677"]
[BlackElo "2035"]
[PlyCount "112"]
[EventDate "2011.06.24"]

1. Nf3 Nf6 2. g3 d5 3. Bg2 c5 4. O-O Nc6 5. d4 e6 6. c3 Be7 7. Bg5 O-O 8. Bxf6
Bxf6 9. dxc5 Qe7 10. Nbd2 Qxc5 11. Nb3 Qb6 12. e3 a5 13. Qe2 a4 14. Nbd4 e5 15.
Nxc6 bxc6 16. Rfd1 Rb8 17. Rd2 a3 18. b3 Bg4 19. e4 d4 20. h3 Bxf3 21. Bxf3 Bg5
22. Rc2 c5 23. h4 Bh6 24. cxd4 cxd4 25. Bg4 Rfd8 26. Qd3 Rb7 27. Rd1 g6 28. Qc4
Bf8 29. Rd3 Bb4 30. Qc6 Rdb8 31. Rc4 Qxc6 32. Rxc6 Bc3 33. Rf3 Rxb3 34. Rc7
Rb1+ 35. Kg2 Rf8 36. Rcxf7 Rxf7 37. Be6 Kf8 38. Rxf7+ Ke8 39. Rf3 Ke7 40. Bd5
Rd1 41. Bb3 Re1 42. Bd5 Kd6 43. Rf6+ Kc5 44. Rc6+ Kb5 45. Kf3 Bb4 46. Rc8 Bc5
47. Rb8+ Bb6 48. Rc8 Ba5 49. Rb8+ Bb6 50. Rc8 Rb1 51. Rc2 Rb2 52. Bc4+ Kb4 53.
Rc1 d3 54. Bxd3 Rxf2+ 55. Kg4 h5+ 56. Kg5 Be3+ 0-1

[Event "Commonwealth & South African Open 2011"]
[Site "Emperors Casino and Conference"]
[Date "2011.06.24"]
[Round "4.44"]
[White "Boikanyo, Cinky"]
[Black "Bhuvaneshwari, R."]
[Result "1-0"]
[WhiteElo "2029"]
[BlackElo "1675"]
[PlyCount "69"]
[EventDate "2011.06.24"]

1. Nf3 Nf6 2. c4 e6 3. g3 d5 4. Bg2 Be7 5. O-O O-O 6. b3 c5 7. cxd5 exd5 8. d4
Nc6 9. Bb2 Bg4 10. Ne5 Bh5 11. Nxc6 bxc6 12. dxc5 Bxc5 13. Qc2 Qe7 14. Nc3 Rfe8
15. Na4 Bb4 16. e3 Rac8 17. Bd4 Ne4 18. a3 Bd6 19. b4 Ng5 20. Bc5 Nf3+ 21. Bxf3
Bxf3 22. Qf5 Be4 23. Bxd6 Qxd6 24. Qf4 Qg6 25. Nc5 Bf5 26. Rac1 f6 27. f3 Bh3
28. Rfe1 Re5 29. e4 d4 30. Red1 Rd8 31. Nd3 Rh5 32. Rxc6 Qf7 33. Qc7 Re8 34.
Rdc1 Bd7 35. Rd6 1-0

[Event "Commonwealth & South African Open 2011"]
[Site "Emperors Casino and Conference"]
[Date "2011.06.24"]
[Round "4.45"]
[White "Molebatsi, Teboho"]
[Black "Tapera, Uzeni"]
[Result "1-0"]
[WhiteElo "1672"]
[BlackElo "2028"]
[PlyCount "99"]
[EventDate "2011.06.24"]

1. e4 c5 2. g3 d5 3. Bg2 dxe4 4. Bxe4 Nf6 5. Bg2 e6 6. Nc3 Be7 7. d3 O-O 8. Nf3
Nc6 9. O-O Re8 10. Bf4 Nd4 11. Nxd4 cxd4 12. Nb5 Nd5 13. Bxd5 Qxd5 14. Nc7 Qc6
15. Nxa8 e5 16. Bxe5 Bh3 17. f3 Bxf1 18. Kxf1 Bb4 19. a3 Ba5 20. b4 Rxe5 21.
bxa5 Qc8 22. Nb6 axb6 23. axb6 Qc6 24. Rb1 Re3 25. Kg2 g5 26. Kf2 Qh6 27. Qh1
Qc6 28. Qd1 f5 29. Rb4 Qh6 30. Rxd4 Re8 31. Kg2 Qxb6 32. Rd5 Qc7 33. c4 h6 34.
d4 Qb6 35. Rb5 Qc6 36. Qd3 g4 37. Rxf5 Re1 38. c5 Qe6 39. fxg4 Re3 40. Qf1 Rxa3
41. Rf6 Qd5+ 42. Kh3 h5 43. Rf8+ Kh7 44. Qf7+ Qxf7 45. Rxf7+ Kg6 46. Rxb7 Kg5
47. gxh5 Kxh5 48. c6 Rc3 49. Rb5+ Kh6 50. Rc5 1-0

[Event "Commonwealth & South African Open 2011"]
[Site "Emperors Casino and Conference"]
[Date "2011.06.24"]
[Round "4.47"]
[White "Ramabodu, Tshediso"]
[Black "Lewis, Mark MM"]
[Result "0-1"]
[WhiteElo "1663"]
[BlackElo "1993"]
[PlyCount "55"]
[EventDate "2011.06.24"]

1. d4 d5 2. c4 e6 3. Nc3 c6 4. Nf3 dxc4 5. a4 Bb4 6. e4 b5 7. Be2 Bb7 8. O-O a6
9. Qc2 Ne7 10. Rd1 O-O 11. Bg5 f6 12. Bh4 Nd7 13. b3 Ng6 14. bxc4 Nxh4 15. Nxh4
c5 16. Na2 f5 17. Nxb4 cxb4 18. Nf3 fxe4 19. Ne1 Qh4 20. Bf1 bxa4 21. Rxa4 a5
22. d5 Nc5 23. Raa1 b3 24. Qb2 a4 25. Qd4 Rac8 26. Rac1 Nd3 27. Bxd3 e5 28.
Qxe5 {Notation unclear} 0-1

[Event "Commonwealth & South African Open 2011"]
[Site "Emperors Casino and Conference"]
[Date "2011.06.24"]
[Round "4.48"]
[White "Wilken, Justin B"]
[Black "Schulz, Andreas"]
[Result "1-0"]
[WhiteElo "1987"]
[BlackElo "1667"]
[PlyCount "127"]
[EventDate "2011.06.24"]

1. e4 c6 2. Nf3 d5 3. Nc3 dxe4 4. Nxe4 Bf5 5. Ng3 Bg6 6. h4 h6 7. Ne5 Bh7 8.
Qh5 g6 9. Bc4 e6 10. Qe2 Qe7 11. d4 Nf6 12. Bd2 Nbd7 13. a3 Nd5 14. Bd3 Nxe5
15. dxe5 Qc7 16. c4 Nb6 17. Ne4 O-O-O 18. Ba5 c5 19. Nc3 Rxd3 20. Qxd3 Qxe5+
21. Ne2 g5 22. Bc3 Bxd3 23. Bxe5 Rg8 24. b3 Bc2 25. Rh3 Nd7 26. Bb2 gxh4 27.
Rc1 Bf5 28. Rxh4 Rxg2 29. Kf1 Rg8 30. Ng3 Bd3+ 31. Ke1 Be7 32. Rh3 Bg5 33. Rc3
Bg6 34. Bc1 Bd8 35. Rxh6 Ba5 36. Bd2 Bxc3 37. Bxc3 a6 38. Kd2 Kc7 39. b4 Kc6
40. Rh8 Rxh8 41. Bxh8 f6 42. Bg7 b5 43. Kc3 e5 44. Nf1 e4 45. Ne3 f5 46. Nd5
Kd6 47. bxc5+ Kxc5 48. Bd4+ Kd6 49. Nf4 Bf7 50. cxb5 axb5 51. Kb4 Bc4 52. a4
Kc6 53. Ng6 Kd5 54. Be3 bxa4 55. Nf4+ Kc6 56. Kxc4 Ne5+ 57. Kb4 a3 58. Kxa3
Nc4+ 59. Kb4 Nxe3 60. fxe3 Kd6 61. Kc4 Ke5 62. Nh5 Ke6 63. Kd4 f4 64. Nxf4+ 1-0

[Event "Commonwealth & South African Open 2011"]
[Site "Emperors Casino and Conference"]
[Date "2011.06.24"]
[Round "4.49"]
[White "Odendaal, Frederick"]
[Black "Phillips, Nigel J"]
[Result "1-0"]
[WhiteElo "1959"]
[BlackElo "1653"]
[PlyCount "109"]
[EventDate "2011.06.24"]

1. e4 c5 2. Nf3 Nf6 3. e5 Nd5 4. Nc3 e6 5. Nxd5 exd5 6. d4 Nc6 7. dxc5 Bxc5 8.
Bd3 d6 9. exd6 Bxd6 10. O-O O-O 11. h3 Ne5 12. Nxe5 Bxe5 13. Bxh7+ Kxh7 14.
Qh5+ Kg8 15. Qxe5 Re8 16. Qg3 Qf6 17. c3 Bd7 18. Be3 Qe5 19. Qxe5 Rxe5 20. Rfd1
Bc6 21. Rd2 a6 22. Bd4 Re6 23. Rad1 Rae8 24. Be3 Re4 25. b3 R8e6 26. a4 Re8 27.
Ra1 R8e6 28. Rb2 Re8 29. b4 b5 30. a5 Bb7 31. Rd1 Rc8 32. Rd3 Rce8 33. Rbd2 f6
34. Rd4 Kf7 35. Kh2 R8e6 36. g4 g5 37. Rxe4 Rxe4 38. Kg3 Kg6 39. Bd4 f5 40. f3
Re7 41. Rh2 Bc8 42. Bc5 Re8 43. Rd2 Bb7 44. gxf5+ Kxf5 45. Rf2 Bc8 46. f4 Rh8
47. fxg5+ Kxg5 48. h4+ Kg6 49. Bd4 Rg8 50. Rf6+ Kh5+ 51. Kf4 Re8 52. Be5 Rg8
53. Ke3 Rg4 54. Bf4 Rg1 55. Rh6+ 1-0

[Event "Commonwealth & South African Open 2011"]
[Site "Emperors Casino and Conference"]
[Date "2011.06.24"]
[Round "4.50"]
[White "Lekgau, Mothupi"]
[Black "Skosana, Stephen"]
[Result "0-1"]
[WhiteElo "1659"]
[BlackElo "1959"]
[PlyCount "86"]
[EventDate "2011.06.24"]

1. e4 c5 2. Nf3 Nc6 3. d4 cxd4 4. Nxd4 Nf6 5. Nc3 e5 6. Ndb5 d6 7. Bg5 a6 8.
Na3 b5 9. Nd5 Be7 10. Bxf6 Bxf6 11. c3 O-O 12. Nc2 Bg5 13. Nce3 Be6 14. Bd3 g6
15. O-O Rb8 16. a3 a5 17. Qe2 b4 18. Bb5 Ne7 19. a4 bxc3 20. bxc3 Qc8 21. c4
Qc5 22. Rfd1 Rfc8 23. h3 Nc6 24. Nc2 Kg7 25. g4 Rh8 26. Nc7 Bc8 27. Kg2 Bd8 28.
Rd5 Qa7 29. Rxd6 Qxc7 30. Rxc6 Qe7 31. Rd1 h5 32. Rxc8 Rxc8 33. Rd7 Qf6 34. Ne3
hxg4 35. Qxg4 Qg5 36. Nd5 Rh4 37. Qxg5 Bxg5 38. f3 Rch8 39. c5 Rxh3 40. c6 Rh2+
41. Kg1 Rh1+ 42. Kg2 R8h2+ 43. Kg3 Bh4+ 0-1

[Event "Commonwealth & South African Open 2011"]
[Site "Emperors Casino and Conference"]
[Date "2011.06.24"]
[Round "4.51"]
[White "Pitso, Fusi P"]
[Black "Legau, Tsholofelo"]
[Result "1-0"]
[WhiteElo "1949"]
[BlackElo "1619"]
[PlyCount "71"]
[EventDate "2011.06.24"]

1. e4 c6 2. d4 Na6 3. Nf3 g6 4. Bd3 Bg7 5. c3 Nc7 6. Be3 d5 7. e5 Bg4 8. Nbd2
Nh6 9. h3 Nf5 10. hxg4 Nxe3 11. fxe3 Qd7 12. g5 Qg4 13. Qe2 h6 14. Rh4 Qd7 15.
Nb3 h5 16. Nc5 Qc8 17. Bc2 b6 18. Nd3 Ne6 19. e4 Nc7 20. Nb4 Qd7 21. exd5 cxd5
22. Bd3 b5 23. Na6 O-O 24. Nc5 Qc6 25. g4 hxg4 26. Rxg4 Ne6 27. Nxe6 Qxe6 28.
Rh4 a6 29. Qh2 f5 30. gxf6 Bxf6 31. Rh6 Bg7 32. Ng5 Bxe5 33. Qxe5 Qxe5+ 34.
dxe5 Rf4 35. Rxg6+ Kh8 36. Ke2 1-0

[Event "Commonwealth & South African Open 2011"]
[Site "Emperors Casino and Conference"]
[Date "2011.06.24"]
[Round "4.52"]
[White "Singh, Siddhanth"]
[Black "Gumpo, Thabo"]
[Result "0-1"]
[WhiteElo "1657"]
[BlackElo "1944"]
[PlyCount "45"]
[EventDate "2011.06.24"]

1. e4 c5 2. Nf3 e6 3. d4 cxd4 4. Nxd4 Nc6 5. Nc3 a6 6. Nxc6 bxc6 7. Be3 Nf6 8.
f4 Qa5 9. Bd3 Rb8 10. Bd2 Rxb2 11. Nd5 Qd8 12. Nxf6+ Qxf6 13. e5 Qh4+ 14. g3
Qd8 15. Bc4 Rb8 16. Qe2 Qb6 17. Bb3 Ba3 18. Be3 Bc5 19. Bxc5 Qxc5 20. Rd1 a5
21. a4 O-O 22. Qf2 Qb4+ 23. Rd2 0-1

[Event "Commonwealth & South African Open 2011"]
[Site "Emperors Casino and Conference"]
[Date "2011.06.24"]
[Round "4.53"]
[White "Nizetich, Dino"]
[Black "Ristovich, Dmitar"]
[Result "0-1"]
[WhiteElo "1634"]
[BlackElo "1939"]
[PlyCount "77"]
[EventDate "2011.06.24"]

1. d4 Nf6 2. Nf3 g6 3. c4 Bg7 4. g3 O-O 5. Bg2 d5 6. cxd5 Nxd5 7. O-O c5 8. Qb3
Nc6 9. Rd1 cxd4 10. e3 Na5 11. Qa3 dxe3 12. fxe3 e6 13. e4 Qb6+ 14. Kh1 Nc4 15.
Qb3 Qxb3 16. axb3 Nde3 17. Rd3 Ng4 18. Kg1 Nce5 19. Nxe5 Nxe5 20. Rd6 Nc6 21.
Be3 Bxb2 22. Ra2 Be5 23. Rd1 Bc7 24. Na3 Rd8 25. Rad2 Rxd2 26. Rxd2 e5 27. Nb5
Ba5 28. Rd3 Be6 29. Bg5 Nb4 30. Rc3 a6 31. Nd6 b5 32. Nb7 Bb6+ 33. Be3 Bxe3+
34. Rxe3 Rc8 35. Na5 Nc6 36. Nxc6 Rxc6 37. Rd3 b4 38. Kf2 Rc2+ 39. Kf3 0-1

[Event "Commonwealth & South African Open 2011"]
[Site "Emperors Casino and Conference"]
[Date "2011.06.24"]
[Round "4.54"]
[White "Klein, Bernard A"]
[Black "Willenberg, Shane C"]
[Result "1-0"]
[WhiteElo "1937"]
[BlackElo "1604"]
[PlyCount "87"]
[EventDate "2011.06.24"]

1. d4 Nf6 2. c4 g6 3. Nf3 Bg7 4. g3 c6 5. Bg2 d5 6. O-O O-O 7. Nc3 Na6 8. cxd5
cxd5 9. Qb3 b6 10. Bf4 Bb7 11. Rac1 Nb8 12. Nb5 Nc6 13. Bh3 e6 14. Nd6 Na5 15.
Qd3 Ne8 16. Nxb7 Nxb7 17. Ne5 Nbd6 18. Rc6 Bxe5 19. dxe5 Nc4 20. e4 Nxb2 21.
Qd4 Nc4 22. exd5 Na5 23. Rc3 Nc7 24. Rxc7 Qxc7 25. dxe6 Rfd8 26. exf7+ Qxf7 27.
Qe4 Nb7 28. e6 Qe7 29. Qe3 Rd5 30. Bg2 Rf5 31. Qe4 Rxf4 32. gxf4 Rb8 33. f5
gxf5 34. Qxf5 Nc5 35. Bd5 Rf8 36. Qg4+ Kh8 37. Kh1 Rg8 38. Qf5 Rg7 39. f4 Na6
40. Qe5 Nb4 41. Be4 h6 42. Rg1 Kg8 43. Qb8+ Qf8 44. Bh7+ 1-0

[Event "Commonwealth & South African Open 2011"]
[Site "Emperors Casino and Conference"]
[Date "2011.06.24"]
[Round "4.55"]
[White "Guo, Hong-Da Tony"]
[Black "James, Michael"]
[Result "0-1"]
[WhiteElo "1628"]
[BlackElo "1932"]
[PlyCount "72"]
[EventDate "2011.06.24"]

1. Nf3 c5 2. g3 Nc6 3. Bg2 Nf6 4. O-O d6 5. c4 e6 6. Nc3 Be7 7. a3 O-O 8. Rb1
d5 9. d3 d4 10. Na2 a5 11. Bd2 e5 12. Qc2 a4 13. e3 h6 14. e4 Nh7 15. Rbe1 Qd6
16. Re2 Bg4 17. h3 Bc8 18. Nc1 Qg6 19. Be1 Qh5 20. g4 Qg6 21. Nh2 h5 22. f3 Ng5
23. Bg3 Ne6 24. h4 Nf4 25. Bxf4 exf4 26. g5 f6 27. gxf6 Bxf6 28. Kh1 Bxh4 29.
Rg1 Bg3 30. Bf1 Ne5 31. Rd2 Qf6 32. Qd1 Qh4 33. Rdg2 Nxf3 34. Ne2 Nxh2 35. Rxg3
Nxf1+ 36. Kg2 Nxg3 0-1

[Event "Commonwealth & South African Open 2011"]
[Site "Emperors Casino and Conference"]
[Date "2011.06.24"]
[Round "4.56"]
[White "Gochhikar, Aparajita"]
[Black "Madiba, Carpediem M"]
[Result "1-0"]
[WhiteElo "1915"]
[BlackElo "1598"]
[PlyCount "111"]
[EventDate "2011.06.24"]

1. e4 c5 2. c3 Nc6 3. d4 cxd4 4. cxd4 d6 5. Nc3 Nf6 6. Nf3 Bg4 7. Be2 g6 8. d5
Bxf3 9. Bxf3 Ne5 10. Be2 Bg7 11. Qb3 Qc8 12. Be3 Ned7 13. Rc1 Nc5 14. Qb5+ Nfd7
15. Na4 b6 16. Bg4 Qd8 17. Nxc5 bxc5 18. b3 a6 19. Qa4 Ra7 20. b4 Bd4 21. Bxd4
cxd4 22. Bxd7+ Rxd7 23. Qxa6 O-O 24. O-O Qb8 25. Qc4 Qa7 26. Rfd1 Ra8 27. Rc2
Qb6 28. Qxd4 Qxd4 29. Rxd4 Rda7 30. Rdd2 Kf8 31. Rb2 Ra4 32. f3 Ke8 33. Rdc2
Kd7 34. b5 Rb8 35. Kf2 f5 36. Ke3 e6 37. b6 Rb7 38. Kd3 e5 39. Rc4 Ra3+ 40. Rc3
Ra4 41. Rc4 Ra3+ 42. Kd2 f4 43. Rc3 Ra4 44. a3 h5 45. Rbb3 g5 46. Rc6 Ra6 47.
Kc3 Ra4 48. Kb2 g4 49. Rb5 Rd4 50. Rb3 Ra4 51. Rb4 Rxb4+ 52. axb4 h4 53. fxg4
h3 54. gxh3 f3 55. Rc3 Rxb6 56. Kb3 1-0

[Event "Commonwealth & South African Open 2011"]
[Site "Emperors Casino and Conference"]
[Date "2011.06.24"]
[Round "4.57"]
[White "Rex, Ernst"]
[Black "Gems, Patrick"]
[Result "0-1"]
[WhiteElo "1626"]
[BlackElo "1903"]
[PlyCount "52"]
[EventDate "2011.06.24"]

1. e4 c5 2. Nf3 Nc6 3. d4 cxd4 4. Nxd4 Nf6 5. Nc3 d6 6. Bg5 e6 7. Qd2 a6 8.
O-O-O h6 9. Bh4 Bd7 10. f4 Qc7 11. Be2 Be7 12. Qe3 Rc8 13. Kb1 Nxd4 14. Qxd4
Bc6 15. e5 dxe5 16. fxe5 Ne4 17. Bxe7 Nxc3+ 18. Qxc3 Qxe7 19. Qb3 O-O 20. h4
Be4 21. Bd3 Bxd3 22. Rxd3 Qc5 23. c3 b5 24. Rd4 Qe7 25. Rhd1 Rcd8 26. Qa3 Rxd4
{Illegal move QxRd4} 0-1

[Event "Commonwealth & South African Open 2011"]
[Site "Emperors Casino and Conference"]
[Date "2011.06.24"]
[Round "4.58"]
[White "Nene, Themba"]
[Black "Tseke, Johannes Dumisani"]
[Result "0-1"]
[WhiteElo "1902"]
[BlackElo "1598"]
[PlyCount "54"]
[EventDate "2011.06.24"]

1. d4 d5 2. c4 dxc4 3. Nf3 Nf6 4. Nc3 a6 5. a4 Bg4 6. Ne5 Bh5 7. a5 e6 8. Qa4+
Nbd7 9. Bg5 Be7 10. h3 Nd5 11. Bxe7 Nxc3 12. bxc3 Qxe7 13. e4 f5 14. Bxc4 O-O-O
15. Nxd7 Rxd7 16. Qb3 Rd6 17. Rb1 c5 18. O-O fxe4 19. Rfe1 Kb8 20. dxc5 Rc6 21.
Rbd1 Bxd1 22. Rxd1 Qxc5 23. Bxe6 Rf8 24. Rb1 Qxf2+ 25. Kh1 Rc7 26. Bd5 Qe2 27.
Kh2 Rf2 0-1

[Event "Commonwealth & South African Open 2011"]
[Site "Emperors Casino and Conference"]
[Date "2011.06.24"]
[Round "4.59"]
[White "van der Walt, Pierre E"]
[Black "Hangelbroek, Peter"]
[Result "1-0"]
[WhiteElo "1890"]
[BlackElo "1595"]
[PlyCount "67"]
[EventDate "2011.06.24"]

1. e4 Nf6 2. e5 Nd5 3. c4 Nb6 4. d4 d6 5. exd6 cxd6 6. Nc3 g6 7. Be3 Bg7 8. Rc1
Nc6 9. b3 O-O 10. d5 Ne5 11. Be2 Bf5 12. f4 Bh6 13. g4 Bxg4 14. Bxg4 e6 15. h4
exd5 16. cxd5 Re8 17. Kf2 Nxg4+ 18. Qxg4 f5 19. Qg3 Rc8 20. Nge2 a6 21. Bd4 Nd7
22. h5 g5 23. fxg5 f4 24. Nxf4 Qxg5 25. Qxg5+ Bxg5 26. Ne6 Rf8+ 27. Nxf8 Rxf8+
28. Ke2 Re8+ 29. Kd1 Bxc1 30. Rg1+ Kf8 31. Re1 b5 32. Rf1+ Kg8 33. Ne4 Ne5 34.
Nd2 {Notation error} 1-0

[Event "Commonwealth & South African Open 2011"]
[Site "Emperors Casino and Conference"]
[Date "2011.06.24"]
[Round "4.60"]
[White "Pon, Mat"]
[Black "de Waal, Ingrid"]
[Result "1/2-1/2"]
[WhiteElo "1622"]
[BlackElo "1889"]
[PlyCount "48"]
[EventDate "2011.06.24"]

1. e4 e5 2. Nf3 Nc6 3. d4 exd4 4. Nxd4 Bc5 5. Be3 Nxd4 6. Bxd4 Bxd4 7. Qxd4 Qf6
8. Qxf6 Nxf6 9. Nc3 d6 10. O-O-O Be6 11. f3 O-O 12. Be2 Rae8 13. Rd2 Nd7 14.
Nb5 a6 15. Nd4 Nc5 16. c4 Bd7 17. Rhd1 Re7 18. Bf1 Re5 19. Re2 Rfe8 20. Kd2 Ne6
21. Nxe6 Bxe6 22. Re3 f5 23. Rde1 f4 24. Rc3 g5 1/2-1/2

[Event "Commonwealth & South African Open 2011"]
[Site "Emperors Casino and Conference"]
[Date "2011.06.24"]
[Round "5.11"]
[White "Njobvu, Ignatius"]
[Black "Laxman, Rajaram"]
[Result "0-1"]
[WhiteElo "2228"]
[BlackElo "2446"]
[PlyCount "55"]
[EventDate "2011.06.24"]

1. d4 Nf6 2. c4 e6 3. Nc3 Bb4 4. Qc2 d5 5. cxd5 exd5 6. Nf3 O-O 7. Bg5 h6 8.
Bh4 c5 9. e3 Nbd7 10. Bd3 c4 11. Bf5 Qa5 12. O-O Re8 13. Na4 Bd6 14. a3 Ne4 15.
Bg3 Bxg3 16. hxg3 Ndf6 17. Bxc8 Raxc8 18. Ne5 Nd2 19. Rfd1 Nb3 20. Nc3 Nxa1 21.
Rxa1 b5 22. Rb1 b4 23. axb4 Qxb4 24. Qf5 Qb7 25. f3 Rb8 26. Kh2 Qc8 27. Qf4 Qe6
28. g4 {end of notation} 0-1

[Event "Commonwealth & South African Open 2011"]
[Site "Emperors Casino and Conference"]
[Date "2011.06.24"]
[Round "5.12"]
[White "Dole, Anant"]
[Black "Ringoir, Tanguy"]
[Result "0-1"]
[WhiteElo "2103"]
[BlackElo "2399"]
[PlyCount "61"]
[EventDate "2011.06.24"]

1. e4 c6 2. d4 d5 3. Nc3 dxe4 4. Nxe4 Bf5 5. Ng3 Bg6 6. Nh3 e6 7. Nf4 Bd6 8. h4
Qc7 9. Nxg6 hxg6 10. Ne4 Bf4 11. g3 Bxc1 12. Rxc1 Nf6 13. Nxf6+ gxf6 14. Qd2
Nd7 15. Bg2 f5 16. c4 e5 17. dxe5 Qxe5+ 18. Qe2 O-O-O 19. Rc3 Qxc3+ 20. bxc3
Rhe8 21. h5 Rxe2+ 22. Kxe2 Ne5 23. c5 Nd7 24. hxg6 fxg6 25. Rh6 Rg8 26. Ke3
Nxc5 27. Kf4 Nd3+ 28. Kg5 Nxf2 29. Rxg6 Ne4+ 30. Kxf5 Nxg3+ 31. Kf6 0-1